| 000 | 00623nam a2200217Ia 4500 | ||
|---|---|---|---|
| 003 | OSt | ||
| 005 | 20230518160124.0 | ||
| 008 | 210423s2014 xx 000 0 und d | ||
| 020 | _a978-93-5024-951-2 | ||
| 040 | _cAL | ||
| 041 | _aeng | ||
| 082 |
_a658 _223 _bRAOM |
||
| 100 |
_aRAO (P Subba);TEJ KUMAR (Venkatram) _9108922 |
||
| 245 | _aManagement and organisational behaviour: text and cases | ||
| 260 |
_aNew Delhi _bHimalaya Publishing House _c2014 |
||
| 300 |
_a566 _bPB |
||
| 365 |
_b498 _cINR |
||
| 650 |
_aManagement _9108923 |
||
| 906 | _abehaviour: ; cases ; Management ; organisational | ||
| 942 |
_2ddc _cBK |
||
| 999 |
_c166790 _d166790 |
||